000 00833nam a2200217Ia 4500
003 IN-BaIIA
005 20230707112013.0
008 211028s9999 xx 000 0 eng d
040 _cIIA Library
080 _a061.6(058.7)
_bINS-6
100 _aElhence, D.
_918024
245 0 _aDirectory of scientific research institutuions is India 1994
_bvol. 6, cumulative indices
_cD. Elhence and B. K. Sen; compiled by Anand R. L.
260 _aNew Delhi
_bIndian National Scientific Doucmentation Centre
_c1989
300 _a458p.
650 _aAstronomy and Astrophysics Thesaurus
650 _aProfiles-Scientific Institutions
_918025
650 _aResearch Institutions-Directory
_918026
700 _aAnand, R L., comp.
_918027
700 _aSen, B. K.
_918028
942 _cBK
_2ddc
999 _c10571
_d10571